| 000 | 00661nam a2200241Ia 4500 | ||
|---|---|---|---|
| 003 | OSt | ||
| 005 | 20220916111058.0 | ||
| 006 | a|||||r|||| 00| 0 | ||
| 007 | ta | ||
| 008 | 220915b |||||||| |||| 00| 0 eng d | ||
| 024 | _a248662 | ||
| 037 | _cTextbook | ||
| 040 |
_beng _aARTS _cARTS |
||
| 041 | _aeng | ||
| 082 | _aY73:3936.1, M1 | ||
| 100 | _aBerrigan Frances J. | ||
| 245 | 0 | _aCommunity communications: the role of community media in development | |
| 260 |
_aParis _bUnesco Press France |
||
| 300 |
_a52p. _ccm. |
||
| 650 | _aSOCIOLOGY | ||
| 942 |
_hY73:3936.1, M1 _cTB _2CC |
||
| 999 |
_c105112 _d105112 |
||